书目信息 |
| 题名: |
思想政治
|
|
| 作者: | 张一兵 总主编 ;秦宣 , 朱明光 , 沈传亮 , 张帅 , 蒋永清 册主编 | |
| 分册: | 必修1 | |
| 出版信息: | 北京 人民教育出版社 2020 |
|
| 页数: | 76页 | |
| 开本: | 30cm | |
| 丛书名: | ||
| 单 册: | ||
| 中图分类: | ||
| 科图分类: | ||
| 主题词: | 政治课--高中--教材 , 教育--各级 | |
| 电子资源: | ||
| ISBN: | 978-7-107-34739-9 | |
| 000 | 00966nam0 2200313 450 | |
| 001 | 011094283 | |
| 005 | 20241009150724.42 | |
| 010 | @a978-7-107-34739-9@dCNY6.10 | |
| 100 | @a20210315d2020 em y0chiy50 ea | |
| 101 | 0 | @achi |
| 102 | @aCN@b110000 | |
| 105 | @aa z 000yy | |
| 200 | 1 | @a思想政治@9si xiang zheng zhi@i必修1@i中国特色社会主义@f教育部组织编写 |
| 205 | @a2版 | |
| 210 | @a北京@c人民教育出版社@d2020 | |
| 215 | @a76页@c图,照片@d30cm | |
| 300 | @a普通高中教科书/张异宾总主编 | |
| 606 | 0 | @a政治课@x高中@j教材 |
| 606 | 0 | @a教育@x各级 |
| 690 | @v5 | |
| 690 | @aG634.201@v4 | |
| 701 | 0 | @a张一兵@9zhang yi bing@f(1956.3~)@4总主编 |
| 702 | 0 | @a秦宣@9qin xuan@f(1963.12~)@4册主编 |
| 702 | 0 | @a朱明光@9zhu ming guang@f(1940?~)@4册主编 |
| 702 | 0 | @a沈传亮@9shen zhuan liang@f(1976~)@4编写 |
| 702 | 0 | @a张帅@9zhang shuai@4编写 |
| 702 | 0 | @a蒋永清@9jiang yong qing@4编写 |
| 801 | 0 | @aCN@b91MARC@c20210905 |
| 905 | @dG634.201@e2832:1 | |
| 思想政治.必修1.中国特色社会主义/教育部组织编写.-2版.-北京:人民教育出版社,2020 |
| 76页:图,照片;30cm |
| 普通高中教科书/张异宾总主编 |
| ISBN 978-7-107-34739-9:CNY6.10 |
| ● |
| 相关链接 |
|
|
|
|
正题名:思想政治
索取号:G634.201/2832:1
 
预约/预借
| 序号 | 登录号 | 条形码 | 馆藏地/架位号 | 状态 | 备注 |
| 1 | 1054231 | 210542313 | 第四借阅区/ [索取号:G634.201/2832:1] | 在馆 | |
| 2 | 1054232 | 210542322 | 第四借阅区/ [索取号:G634.201/2832:1] | 在馆 | |
| 3 | 1054233 | 210542331 | 第四借阅区/ [索取号:G634.201/2832:1] | 在馆 | |
| 4 | 1410078 | 214100783 | 第一样本阅览室/ [索取号:G634.201/2832:1] | 在馆 | |
| 5 | 1410079 | 214100792 | 第四借阅区/ [索取号:G634.201/2832:1] | 在馆 | |
| 6 | 1410080 | 214100809 | 第四借阅区/ [索取号:G634.201/2832:1] | 在馆 | |
| 7 | 1410081 | 214100818 | 第四借阅区/ [索取号:G634.201/2832:1] | 在馆 | |
| 8 | 1410082 | 214100827 | 第四借阅区/ [索取号:G634.201/2832:1] | 在馆 |